Musicians By Initial: The Letter - M - Statistics

General Stats
  • This quiz has been taken 554 times
  • The average score is 9 of 25
Answer Stats
Inits Clue Answer % Correct
MJ Rolling Stones vocalist Mick Jagger
98%
MG He 'Heard It Through The Grapevine' Marvin Gaye
83%
ME Female rapper. Often added 'Misdemeanour' to her name. Get Ur Freak On Missy Elliot
70%
MC She was the 'Mama' of Mama and the Papas Mama Cass
61%
MS Frontman for REM Michael Stipe
61%
MY Co-founder and rhythm guitarist for Aussie rockers AC/DC Malcolm Young
54%
MK Previously in Brewer's Droop, he found fame & fortune in Dire Straits Mark Knopfler
54%
MD Drummer and singer for the Monkees Micky Dolenz
48%
MI Bass player for the Isley Brothers Marvin Isley
44%
MU Replaced John Foxx as singer in Ultravox. Played a big part in Live Aid. Midge Ure
40%
MA Alongside Dave Ball, took 'Tainted Love' to the top of the charts. Marc Almond
37%
MN Member of the Monkees. He also wrote the hit song 'Different Drum' Mike Nesmith
36%
MR Along with the Vandellas, she was 'Dancing In The Street' in 1964 Martha Reeves
34%
MP Singer with Wet Wet Wet Marti Pellow
29%
ML Italian-American tenor. A popular Hollywood filmstar of the 1940's and 50's. He played Enrico Caruso in the biopic of the same name. Died in 1959, aged just 38. Mario Lanza
27%
MH Norwegian vocalist for 80's pop band Aha Morten Harket
27%
MB Telegram Sam was his mail man. Marc Bolan
24%
MW 'Father of Chicago Blues'. Did 'She's Just 19 Years Old' & 'Mannish Boy' Muddy Waters
24%
MF Singer with 80's pop band ABC Martin Fry
18%
MM South African music legend known as 'Mama Africa' Singer-songwriter (Afropop/World Music) She was a prominent anti-apartheid campaigner Miriam Makeba
15%
MQ Bass player with Supergrass Mick Quinn
14%
MT Velvet Underground drummer Moe Tucker
10%
MO Lead singer of punk band The Ruts Malcolm Owen
8%
MV Welsh pop singer, born in 1929. Popular in the UK in the 1950's Had hits with Every Day Of My Life, St.Therese of The Roses, and My Special Angel Malcolm Vaughan
7%
MZ American producer and musician. Best known for the 1977 disco hit Let's All Chant Michael Zager
7%
No matching quizzes found
Score Distribution
Percent of People with Each Score
Percentile by Number Answered
Your Score History
You have not taken this quiz